| 000 | 00433nam a22001577a 4500 | ||
|---|---|---|---|
| 005 | 20260417071616.0 | ||
| 008 | 260417b |||||||| |||| 00| 0 eng d | ||
| 040 |
_aLC _cUNZA _dUNZA _eRDA |
||
| 050 |
_aZAMB BV 3625.C63 _bEVA 1956 |
||
| 100 | _aEvans, A.R | ||
| 245 |
_aDan Crawford / _cA.R. Evans |
||
| 260 |
_aMichigan: _bZondervan Publishing House, _c1956. |
||
| 300 | _a95 pages. | ||
| 650 | _aMissionary work | ||
| 942 | _cZAMBIANA | ||
| 999 |
_c216615 _d216615 |
||